| 000 | 00893nam a2200217Ia 4500 | ||
|---|---|---|---|
| 005 | 20241129111047.0 | ||
| 008 | 241129s9999||||xx |||||||||||||| ||und|| | ||
| 020 | _a978-93-88684-65-1 | ||
| 037 | _aTB | ||
| 040 |
_aCRL _bhin _cCRL |
||
| 041 |
_ahin _2hin |
||
| 084 |
_aO152,3NSA,FA:g Q8 _qCRL |
||
| 100 | _aनवले, संजय, संपा. | ||
| 245 | 0 |
_aउपन्यासकार संजीव किसान - आत्महत्या: यथार्थ और विकल्प: फॉंस उपन्यास का सन्दर्भ _cनवले, संजय, संपा. |
|
| 260 |
_aनई दिल्ली, भारत _bवाणी प्रकाशन _c2018 |
||
| 300 | _a222पृ0 | ||
| 365 |
_aINR _b595 |
||
| 650 |
_aHindi LiteratureFiction _9726203 |
||
| 942 |
_cTB _hO152,3NSA,FA:g Q8 |
||
| 999 |
_c1228759 _d1228759 |
||